<?xml version="1.0" encoding="UTF-8"?>
<record
    xmlns:xsi="http://www.w3.org/2001/XMLSchema-instance"
    xsi:schemaLocation="http://www.loc.gov/MARC21/slim http://www.loc.gov/standards/marcxml/schema/MARC21slim.xsd"
    xmlns="http://www.loc.gov/MARC21/slim">

  <leader>01963nam a22002537a 4500</leader>
  <controlfield tag="003">NALT</controlfield>
  <controlfield tag="005">20241022073751.0</controlfield>
  <controlfield tag="008">210917b        th ||||| |||| 00| 0 tha d</controlfield>
  <datafield tag="040" ind1=" " ind2=" ">
    <subfield code="a">NALT</subfield>
  </datafield>
  <datafield tag="090" ind1=" " ind2=" ">
    <subfield code="a">KH 19.2</subfield>
    <subfield code="b">&#xE16;282&#xE23; 2564</subfield>
  </datafield>
  <datafield tag="100" ind1="0" ind2=" ">
    <subfield code="a">&#xE16;&#xE27;&#xE34;&#xE25;&#xE27;&#xE14;&#xE35; &#xE1A;&#xE38;&#xE23;&#xE35;&#xE01;&#xE38;&#xE25;.</subfield>
    <subfield code="9">2407</subfield>
  </datafield>
  <datafield tag="245" ind1="1" ind2="0">
    <subfield code="a">&#xE23;&#xE32;&#xE22;&#xE07;&#xE32;&#xE19;&#xE2A;&#xE23;&#xE38;&#xE1B;&#xE1C;&#xE25;&#xE01;&#xE32;&#xE23;&#xE23;&#xE31;&#xE1A;&#xE1F;&#xE31;&#xE07;&#xE04;&#xE27;&#xE32;&#xE21;&#xE04;&#xE34;&#xE14;&#xE40;&#xE2B;&#xE47;&#xE19;&#xE08;&#xE32;&#xE01;&#xE01;&#xE32;&#xE23;&#xE2A;&#xE31;&#xE21;&#xE21;&#xE19;&#xE32;&#xE2D;&#xE2D;&#xE19;&#xE44;&#xE25;&#xE19;&#xE4C; &#xE01;&#xE0E;&#xE2B;&#xE21;&#xE32;&#xE22;&#xE40;&#xE01;&#xE35;&#xE48;&#xE22;&#xE27;&#xE01;&#xE31;&#xE1A;&#xE20;&#xE32;&#xE04;&#xE1B;&#xE23;&#xE30;&#xE0A;&#xE32;&#xE2A;&#xE31;&#xE07;&#xE04;&#xE21; : </subfield>
    <subfield code="b">&#xE04;&#xE27;&#xE32;&#xE21;&#xE17;&#xE49;&#xE32;&#xE17;&#xE32;&#xE22;&#xE1B;&#xE23;&#xE30;&#xE0A;&#xE32;&#xE18;&#xE34;&#xE1B;&#xE44;&#xE15;&#xE22;&#xE44;&#xE17;&#xE22; &#xE01;&#xE23;&#xE13;&#xE35;&#xE23;&#xE48;&#xE32;&#xE07;&#xE1E;&#xE23;&#xE30;&#xE23;&#xE32;&#xE0A;&#xE1A;&#xE31;&#xE0D;&#xE0D;&#xE31;&#xE15;&#xE34;&#xE27;&#xE48;&#xE32;&#xE14;&#xE49;&#xE27;&#xE22;&#xE01;&#xE32;&#xE23;&#xE14;&#xE33;&#xE40;&#xE19;&#xE34;&#xE19;&#xE07;&#xE32;&#xE19;&#xE02;&#xE2D;&#xE07;&#xE2D;&#xE07;&#xE04;&#xE4C;&#xE01;&#xE23;&#xE17;&#xE35;&#xE48;&#xE44;&#xE21;&#xE48;&#xE41;&#xE2A;&#xE27;&#xE07;&#xE2B;&#xE32;&#xE23;&#xE32;&#xE22;&#xE44;&#xE14;&#xE49;&#xE2B;&#xE23;&#xE37;&#xE2D;&#xE01;&#xE33;&#xE44;&#xE23;&#xE21;&#xE32;&#xE41;&#xE1A;&#xE48;&#xE07;&#xE1B;&#xE31;&#xE19;&#xE01;&#xE31;&#xE19; &#xE1E;.&#xE28;. .... &#xE41;&#xE25;&#xE30;&#xE23;&#xE48;&#xE32;&#xE07;&#xE1E;&#xE23;&#xE30;&#xE23;&#xE32;&#xE0A;&#xE1A;&#xE31;&#xE0D;&#xE0D;&#xE31;&#xE15;&#xE34;&#xE2A;&#xE48;&#xE07;&#xE40;&#xE2A;&#xE23;&#xE34;&#xE21;&#xE41;&#xE25;&#xE30;&#xE1E;&#xE31;&#xE12;&#xE19;&#xE32;&#xE2D;&#xE07;&#xE04;&#xE4C;&#xE01;&#xE23;&#xE20;&#xE32;&#xE04;&#xE1B;&#xE23;&#xE30;&#xE0A;&#xE32;&#xE2A;&#xE31;&#xE07;&#xE04;&#xE21; &#xE1E;.&#xE28;. .... /</subfield>
    <subfield code="c">&#xE16;&#xE27;&#xE34;&#xE25;&#xE27;&#xE14;&#xE35; &#xE1A;&#xE38;&#xE23;&#xE35;&#xE01;&#xE38;&#xE25;...[&#xE41;&#xE25;&#xE30;&#xE04;&#xE19;&#xE2D;&#xE37;&#xE48;&#xE19; &#xE46;].</subfield>
  </datafield>
  <datafield tag="260" ind1=" " ind2=" ">
    <subfield code="a">&#xE01;&#xE23;&#xE38;&#xE07;&#xE40;&#xE17;&#xE1E;&#xE2F; :</subfield>
    <subfield code="b">&#xE2A;&#xE16;&#xE32;&#xE1A;&#xE31;&#xE19;&#xE1E;&#xE23;&#xE30;&#xE1B;&#xE01;&#xE40;&#xE01;&#xE25;&#xE49;&#xE32;,</subfield>
    <subfield code="c">2564.</subfield>
  </datafield>
  <datafield tag="300" ind1=" " ind2=" ">
    <subfield code="a">1 &#xE40;&#xE25;&#xE48;&#xE21; :</subfield>
    <subfield code="c">29 &#xE0B;&#xE21;.</subfield>
  </datafield>
  <datafield tag="650" ind1=" " ind2="4">
    <subfield code="9">55080</subfield>
    <subfield code="a">&#xE2D;&#xE07;&#xE04;&#xE4C;&#xE01;&#xE23;&#xE44;&#xE21;&#xE48;&#xE41;&#xE2A;&#xE27;&#xE07;&#xE2B;&#xE32;&#xE01;&#xE33;&#xE44;&#xE23;</subfield>
    <subfield code="x">&#xE01;&#xE0E;&#xE2B;&#xE21;&#xE32;&#xE22;&#xE41;&#xE25;&#xE30;&#xE23;&#xE30;&#xE40;&#xE1A;&#xE35;&#xE22;&#xE1A;&#xE02;&#xE49;&#xE2D;&#xE1A;&#xE31;&#xE07;&#xE04;&#xE31;&#xE1A;</subfield>
  </datafield>
  <datafield tag="650" ind1=" " ind2="4">
    <subfield code="9">22112</subfield>
    <subfield code="a">&#xE1B;&#xE23;&#xE30;&#xE0A;&#xE32;&#xE2A;&#xE31;&#xE07;&#xE04;&#xE21;</subfield>
    <subfield code="z">&#xE44;&#xE17;&#xE22;</subfield>
  </datafield>
  <datafield tag="700" ind1="0" ind2=" ">
    <subfield code="9">55164</subfield>
    <subfield code="a">&#xE08;&#xE34;&#xE15;&#xE23;&#xE40;&#xE25;&#xE02;&#xE32; &#xE2B;&#xE27;&#xE25;&#xE01;&#xE2A;&#xE34;&#xE19;</subfield>
  </datafield>
  <datafield tag="700" ind1="0" ind2=" ">
    <subfield code="9">50817</subfield>
    <subfield code="a">&#xE14;&#xE27;&#xE07;&#xE08;&#xE31;&#xE19;&#xE17;&#xE23;&#xE4C; &#xE28;&#xE34;&#xE23;&#xE34;&#xE23;&#xE31;&#xE01;&#xE29;&#xE4C;&#xE42;&#xE2A;&#xE20;&#xE13;</subfield>
  </datafield>
  <datafield tag="700" ind1="0" ind2=" ">
    <subfield code="9">5874</subfield>
    <subfield code="a">&#xE19;&#xE34;&#xE15;&#xE22;&#xE32; &#xE42;&#xE1E;&#xE18;&#xE34;&#xE4C;&#xE19;&#xE2D;&#xE01;</subfield>
  </datafield>
  <datafield tag="850" ind1=" " ind2=" ">
    <subfield code="a">NALT</subfield>
  </datafield>
  <datafield tag="942" ind1=" " ind2=" ">
    <subfield code="c">LB</subfield>
    <subfield code="2">local</subfield>
  </datafield>
  <datafield tag="998" ind1=" " ind2=" ">
    <subfield code="a">bijaya</subfield>
    <subfield code="c">103</subfield>
    <subfield code="j"></subfield>
    <subfield code="k">CRON CRON</subfield>
  </datafield>
  <datafield tag="999" ind1=" " ind2=" ">
    <subfield code="c">98521</subfield>
    <subfield code="d">98521</subfield>
  </datafield>
  <datafield tag="952" ind1=" " ind2=" ">
    <subfield code="0">0</subfield>
    <subfield code="1">0</subfield>
    <subfield code="2">local</subfield>
    <subfield code="4">0</subfield>
    <subfield code="7">0</subfield>
    <subfield code="8">CLAW</subfield>
    <subfield code="a">NALT</subfield>
    <subfield code="b">NALT</subfield>
    <subfield code="c">LAW</subfield>
    <subfield code="d">2021-09-17</subfield>
    <subfield code="l">2</subfield>
    <subfield code="o">KH 19.2 &#xE16;282&#xE23; 2564</subfield>
    <subfield code="p">3961212297</subfield>
    <subfield code="r">2024-08-07 00:00:00</subfield>
    <subfield code="s">2024-08-01</subfield>
    <subfield code="t">&#xE09;.1</subfield>
    <subfield code="w">2021-09-17</subfield>
    <subfield code="y">LB</subfield>
  </datafield>
  <datafield tag="952" ind1=" " ind2=" ">
    <subfield code="0">0</subfield>
    <subfield code="1">0</subfield>
    <subfield code="2">local</subfield>
    <subfield code="4">0</subfield>
    <subfield code="7">0</subfield>
    <subfield code="8">CLAW</subfield>
    <subfield code="a">NALT</subfield>
    <subfield code="b">NALT</subfield>
    <subfield code="c">LAW</subfield>
    <subfield code="d">2021-09-17</subfield>
    <subfield code="o">KH 19.2 &#xE16;282&#xE23; 2564</subfield>
    <subfield code="p">3961212298</subfield>
    <subfield code="r">2022-02-21 00:00:00</subfield>
    <subfield code="t">&#xE09;.2</subfield>
    <subfield code="w">2021-09-17</subfield>
    <subfield code="y">LB</subfield>
  </datafield>
  <datafield tag="952" ind1=" " ind2=" ">
    <subfield code="0">0</subfield>
    <subfield code="1">0</subfield>
    <subfield code="2">local</subfield>
    <subfield code="4">0</subfield>
    <subfield code="7">0</subfield>
    <subfield code="8">CLAW</subfield>
    <subfield code="a">NALT</subfield>
    <subfield code="b">NALT</subfield>
    <subfield code="c">LAW</subfield>
    <subfield code="d">2021-09-17</subfield>
    <subfield code="o">KH 19.2 &#xE16;282&#xE23; 2564</subfield>
    <subfield code="p">3961212299</subfield>
    <subfield code="r">2022-02-21 00:00:00</subfield>
    <subfield code="t">&#xE09;.3</subfield>
    <subfield code="w">2021-09-17</subfield>
    <subfield code="y">LB</subfield>
  </datafield>
</record>
